Cranial and spinal magnetic resonance imaging : (Record no. 2238)
[ view plain ]
| 000 -LEADER | |
|---|---|
| fixed length control field | 00969pam a2200265 a 4500 |
| 001 - CONTROL NUMBER | |
| control field | 2894455 |
| 005 - DATE AND TIME OF LATEST TRANSACTION | |
| control field | 20241214155201.0 |
| 008 - FIXED-LENGTH DATA ELEMENTS--GENERAL INFORMATION | |
| fixed length control field | 870416s1987 nyua b 001 0 eng c |
| 020 ## - INTERNATIONAL STANDARD BOOK NUMBER | |
| International Standard Book Number | 0881671851 |
| 050 10 - LIBRARY OF CONGRESS CALL NUMBER | |
| Classification number | QM455 |
| Item number | .C68 1987 |
| 082 00 - DEWEY DECIMAL CLASSIFICATION NUMBER | |
| Classification number | 611/.81 |
| Edition information | 19 |
| 245 00 - TITLE STATEMENT | |
| Title | Cranial and spinal magnetic resonance imaging : |
| Remainder of title | an atlas and guide / |
| Statement of responsibility, etc. | [edited by] David L. Daniels, Victor M. Haughton, Thomas P. Naidich. |
| 260 ## - PUBLICATION, DISTRIBUTION, ETC. | |
| Place of publication, distribution, etc. | New York : |
| Name of publisher, distributor, etc. | Raven Press, |
| Date of publication, distribution, etc. | c1987. |
| 300 ## - PHYSICAL DESCRIPTION | |
| Extent | xiii, 315 p. : |
| Other physical details | ill. (some col.) ; |
| Dimensions | 32 cm. |
| 650 #0 - SUBJECT ADDED ENTRY--TOPICAL TERM | |
| Topical term or geographic name entry element | Brain |
| General subdivision | Anatomy |
| -- | Atlases. |
| 650 #0 - SUBJECT ADDED ENTRY--TOPICAL TERM | |
| Topical term or geographic name entry element | Spinal cord |
| General subdivision | Anatomy |
| -- | Atlases. |
| 650 #0 - SUBJECT ADDED ENTRY--TOPICAL TERM | |
| Topical term or geographic name entry element | Magnetic resonance imaging |
| General subdivision | Atlases. |
| 650 #2 - SUBJECT ADDED ENTRY--TOPICAL TERM | |
| Topical term or geographic name entry element | Brain |
| General subdivision | anatomy & histology |
| -- | atlases. |
| 650 #2 - SUBJECT ADDED ENTRY--TOPICAL TERM | |
| Topical term or geographic name entry element | Nuclear Magnetic Resonance |
| General subdivision | atlases. |
| 650 #2 - SUBJECT ADDED ENTRY--TOPICAL TERM | |
| Topical term or geographic name entry element | Spine |
| General subdivision | anatomy & histology |
| -- | atlases. |
| 700 1# - ADDED ENTRY--PERSONAL NAME | |
| Personal name | Daniels, David L. |
| Fuller form of name | (David Lee), |
| Dates associated with a name | 1949- |
| 700 1# - ADDED ENTRY--PERSONAL NAME | |
| Personal name | Haughton, Victor M. |
| 700 1# - ADDED ENTRY--PERSONAL NAME | |
| Personal name | Naidich, Thomas P., |
| Dates associated with a name | 1944- |
| 942 ## - ADDED ENTRY ELEMENTS (KOHA) | |
| Source of classification or shelving scheme | Library of Congress Classification |
| Koha item type | Books |
| Suppress in OPAC | No |
| 999 ## - | |
| -- | 2238 |
| -- | 2238 |
| Withdrawn status | Lost status | Source of classification or shelving scheme | Damaged status | Not for loan | Collection | Home library | Current library | Shelving location | Date acquired | Total checkouts | Full call number | Barcode | Date last seen | Copy number | Price effective from | Koha item type |
|---|---|---|---|---|---|---|---|---|---|---|---|---|---|---|---|---|
| Library of Congress Classification | Non-fiction | Science Library (Miotso) | Science Library (Miotso) | General stacks | 12/14/2024 | QM455 .C68 CRA | SLM00001469 | 12/14/2024 | 1 | 12/14/2024 | Books | |||||
| Library of Congress Classification | Non-fiction | Science Library (Miotso) | Science Library (Miotso) | General stacks | 12/14/2024 | QM455 .C68 CRA | SLM00001470 | 12/14/2024 | 2 | 12/14/2024 | Books | |||||
| Library of Congress Classification | Non-fiction | Science Library (Miotso) | Science Library (Miotso) | General stacks | 12/14/2024 | QM455 .C68 CRA | SLM00001471 | 12/14/2024 | 3 | 12/14/2024 | Books | |||||
| Library of Congress Classification | Non-fiction | Science Library (Miotso) | Science Library (Miotso) | General stacks | 12/14/2024 | QM455 .C68 CRA | SLM00001472 | 12/14/2024 | 4 | 12/14/2024 | Books | |||||
| Library of Congress Classification | Non-fiction | Science Library (Miotso) | Science Library (Miotso) | General stacks | 12/14/2024 | QM455 .C68 CRA | SLM00001473 | 12/14/2024 | 5 | 12/14/2024 | Books | |||||
| Library of Congress Classification | Non-fiction | Science Library (Miotso) | Science Library (Miotso) | General stacks | 12/14/2024 | QM455 .C68 CRA | SLM00001474 | 12/14/2024 | 6 | 12/14/2024 | Books |